[Event "GER-chT U10"]
[Site "Magdeburg"]
[Date "2013.12.27"]
[Round "1.2"]
[White "Ehmann, Tim"]
[Black "Guse, Jannis"]
[Result "0-1"]
[WhiteElo "791"]
[BlackElo "972"]
[PlyCount "66"]
[EventDate "2013.12.27"]
[EventType "team-swiss"]
[EventRounds "5"]
[EventCountry "GER"]
[SourceTitle "EXT 2015"]
[Source "ChessBase"]
[SourceDate "2014.11.20"]
[SourceVersion "1"]
[SourceVersionDate "2014.11.20"]
[SourceQuality "1"]
[WhiteTeam "Rommelshausen"]
[BlackTeam "Bremen West"]
[WhiteTeamCountry "GER"]
[BlackTeamCountry "GER"]

1. e4 c6 2. d4 d5 3. exd5 cxd5 4. Nc3 Nf6 5. Nf3 Bf5 6. Bf4 e6 7. Bd3 Bg6 8. Bxg6 hxg6 9. Bg5 Bd6 10. Qe2 Nc6 11. 0-0-0 Qc7 12. Nxd5 Nxd5 13. g3 Qb6 14. Rhg1 Ncb4 15. Rd2 Nxa2+ 16. Kd1 Qxb2 17. Ke1 Bb4 18. Qd1 Nac3 19. Kf1 Nxd1 20. Rxd1 Qxc2 21. Re1 Bxe1 22. Nxe1 Qc4+ 23. Kg2 Qxd4 24. Kf1 f6 25. Be3 Nxe3+ 26. fxe3 Qxe3 27. Ng2 Qf3+ 28. Ke1 Rxh2 29. g4 Rxg2 30. Rxg2 Qxg2 31. g5 Rc8 32. Kd1 fxg5 33. Ke1 Rc1# 0-1